| 000 | 00447nam a2200157Ia 4500 | ||
|---|---|---|---|
| 008 | 210210b2005 xxu||||| |||| 00| 0 eng d | ||
| 020 | _a81 269 0385 6 | ||
| 082 | _a820.309 SHAS | ||
| 100 | _aSHARMA (Siddhartha). | ||
| 245 | _aShashi Deshpande's novels: a feminist study. | ||
| 260 |
_aND _bAtlantic Publishers & distributors _c2005 |
||
| 300 | _avi,125 | ||
| 650 | _aDeshpande Shashi | ||
| 690 | _aIndian English Criticism | ||
| 906 | _a060114 | ||
| 999 |
_c107236 _d107236 |
||